| 000 | 00512 a2200205 4500 | ||
|---|---|---|---|
| 999 |
_c200128591 _d32110 |
||
| 001 | 200128591 | ||
| 003 | TR-AnTOB | ||
| 005 | 20210127094324.0 | ||
| 008 | 130318s1983 tu 000 0 | ||
| 040 |
_aTR-AnTOB _cTR-AnTOB |
||
| 041 | _aeng | ||
| 050 | 0 |
_aPR6062.E942 _bW5 1983 |
|
| 090 | _aPR6062.E942.W5 1983 | ||
| 100 | 1 |
_aLewis, Georgina _986768 |
|
| 245 | 1 | 4 |
_aThe winter tree / _cGeorgina Lewis. |
| 264 | 1 |
_aLondon : _bGollancz, _c1983. |
|
| 300 |
_a137 p. ; _c23 cm. |
||
| 942 |
_cBK _2lcc |
||